000 005560000a22001810004500
001 768714001
003 CO-MdFUSB
005 20170505111224.0
008 170505s1997 sp ||||| |||| 00| 0 spa d
040 _aCO-MdFUSB
_bspa
_cCO-MdFUSB
_dCO-MdFUSB
041 _aspa
100 1 _aEscobar, Samuel (1934-)
_eautor
245 1 0 _aUna actitud cristiana ante el trabajo
300 _aVolumen 3, (1997) Páginas 67 - 76
_c21 cm.
546 _aTexto en español
773 0 _tAndamio
_049451
_960434
_gVolumen 3, (1997) Páginas 67 - 76
_qPágina 67
942 _cANA
999 _c49827
_d49827